Central Library OPAC University of Rajshahi

The early H.G.Wells : (Record no. 83509)

MARC details
000 -LEADER
fixed length control field 00627nam a2200205 a 4500
001 - CONTROL NUMBER
control field 83509
003 - CONTROL NUMBER IDENTIFIER
rucl marc code BD-RjUL
005 - DATE AND TIME OF LATEST TRANSACTION
control field 20240328120715.0
008 - FIXED-LENGTH DATA ELEMENTS--GENERAL INFORMATION
fixed length control field 240328s1961 enk 1 eng d
035 ## - SYSTEM CONTROL NUMBER
System control number (BD-RjUL)83509
040 ## - CATALOGING SOURCE
Original cataloging agency NUN
Language of cataloging eng
Transcribing agency NUN
Modifying agency VDU
-- BD-RjUL
041 ## - LANGUAGE CODE
Language code of text/sound track or separate title eng
082 04 - DEWEY DECIMAL CLASSIFICATION NUMBER
Edition number 23
Classification number 823.91
Author mark and year BEE 1961
100 1# - MAIN ENTRY--PERSONAL NAME
Personal name Bergonzi, Bernard,
Dates associated with a name 1929-
9 (RLIN) 12592
245 14 - TITLE STATEMENT
Title The early H.G.Wells :
Remainder of title a study of the scientific romances /
Statement of responsibility, etc. Bernard Bergonzi.
260 ## - PUBLICATION, DISTRIBUTION, ETC. (IMPRINT)
Place of publication, distribution, etc. Manchester :
Name of publisher, distributor, etc. Manchester U.P.,
Date of publication, distribution, etc. 1961.
300 ## - PHYSICAL DESCRIPTION
Pagination 226 p.;
Size 21 cm.
600 10 - SUBJECT ADDED ENTRY--PERSONAL NAME
Personal name Wells, H. G.
Fuller form of name (Herbert George),
Dates associated with a name 1866-1946.
942 ## - ADDED ENTRY ELEMENTS (KOHA)
Source of classification or shelving scheme Dewey Decimal Classification
Koha item type Books
Holdings
Lost status Source of classification or shelving scheme Damaged status Not for loan Collection code Permanent Location Current Location Shelving location Date acquired Source of acquisition Cost, normal purchase price Total Checkouts Full call number Date last seen Copy number Koha item type
  Dewey Decimal Classification   Not For Loan Fiction Central Library, University of Rajshahi Central Library, University of Rajshahi Reading Room 04/03/1964 Zeitlinger 21.00   823.91 BEE 1961 28/03/2024 C-1 Books